La evolucin̤ del encarcelamiento en Espaą (1971-2020) Un estudio de series temporales /

Bibliographic Details
Main Author: Serrano Mal̕lo, Alfonso
Format: eBook
Language:Spanish
Published: Barcelona: J.M. Bosch Editor, 2021
Subjects:
Online Access:Acceso restringido

MARC

LEADER 00000nam a22000007a 4500
005 20220517224455.0
007 cr|||| ||||
008 220517s2021 es |||||s|||| 00||0 spa d
020 |a 978-84-124109-7-6 
035 |a 35652 
040 |a vLex 
090 |c 13358  |d 13358 
100 1 |a Serrano Mal̕lo, Alfonso 
245 1 2 |a La evolucin̤ del encarcelamiento en Espaą (1971-2020)  |h [Recurso electrn̤ico] :  |b Un estudio de series temporales /  |c Alfonso Serrano Mal̕lo 
256 |a Servicio en ln̕ea 
260 |a Barcelona:  |b J.M. Bosch Editor,  |c 2021 
300 |a 1 recurso electrn̤ico 
500 |a En la presente monografa̕ se contrastan hipt̤esis sobre la evolucin̤ del encarcelamiento en Espaą para el pero̕do 1971-2020. Desde un punto de vista metodolg̤ico, las tasas de encarcelamiento deben tratarse como una serie temporal, esto es como la realizacin̤ de un proceso estocs̀tico. Por este motivo aqu ̕se emplean, de modo pionero en nuestra Criminologa̕, modelos economťricos con rezagos ARD, ARIMAX y VAR. Nuestros resultados descartan que el Cd̤igo penal de 1995 aumentara la punitividad o firmeza frente al delito ya que el crecimiento de las tasas de encarcelamiento se redujo en un 8,39 por ciento tras su entrada en vigor. Ello contradice una hipt̤esis estrella de la Criminologa̕ espaǫla. Tambiň se ha encontrado un efecto positivo del PIB, as ̕como que un mayor volumen de extranjeros residentes en Espaą y gobiernos conservadores se relacionan con aumentos en la firmeza. Esta segunda constelacin̤ de variables tiene un contenido econm̤ico consistente con la teora̕ del don de Mauss, en la que los ritos –justamente lo que es el castigo en la tradicin̤ del Durkheim tardo̕– tienden a agotar todos los recursos disponibles si no encuentran ningn︢ freno. Se contrastan otras conjeturas, si bien no reciben sustento empr̕ico. Esta investigacin̤ incluye prons̤ticos sobre la evolucin̤ de las tasas de encarcelamiento en los prx̤imos aǫs en Espaą, otra de las funciones de los anl̀isis de series temporales. 
506 1 |a Disponible solo en los productos indicados  |d vLex Global  |d vLex Global (Academic Edition, excluding Law Schools)  |d vLex Global (U.S. Academic Edition, Law Schools)  |d vLex Global (U.S. Academic Edition, excluding Law Schools)  |d vLex Global (Academic Edition, Law Schools) 
650 0 4 |a Derecho Penal  |z Espaą 
650 0 4 |a Procedimiento Penal  |z Espaą 
740 0 |a vLex Libros (Servicio en ln̕ea) 
856 4 0 |u https://app.vlex.com/#/sources/35652  |z Acceso restringido 
942 |c BOOK 
999 0 |a Criminal Law 
999 0 |a Criminal Procedure